Phân tích bảng số liệu, vẽ biểu đồ, lược đồ Việt Nam, đọc Atlat địa lí

Shranjeno v:
Bibliografske podrobnosti
Glavni avtor: Nguyễn, Đức Vũ
Format: Knjiga
Izdano: Hà Nội Đại học Quốc gia 2015
Izdaja:Tái bản lần thứ 2
Teme:
Oznake: Označite
Brez oznak, prvi označite!
Thư viện lưu trữ: Trung tâm Học liệu Lê Vũ Hùng, Trường Đại học Đồng Tháp
LEADER 01105pam a22003498a 4500
001 00034808
005 20171026081025.0
008 161026s2015 ||||||Viesd
020 # # |c 60000  |a 978 604 62 3092 2 
041 0 # |a Vie 
082 1 4 |a 912.597  |b PH121T 
100 1 # |a Nguyễn, Đức Vũ 
245 0 0 |a Phân tích bảng số liệu, vẽ biểu đồ, lược đồ Việt Nam, đọc Atlat địa lí  |c Nguyễn Đức Vũ 
250 # # |a Tái bản lần thứ 2 
260 # # |a Hà Nội  |b Đại học Quốc gia  |c 2015 
300 # # |a 202 tr.  |c 24 cm. 
653 # # |a Atlat 
653 # # |a Biểu đồ 
653 # # |a Địa lý 
653 # # |a Việt Nam 
653 # # |a Phân tích 
653 # # |a Bảng số liệu 
653 # # |a Lược đồ 
852 # # |b Kho mượn  |j KM.0019398, KM.0019399, KM.0020145 
852 # # |j KM.0020145  |j KM.0019398  |j KM.0019399 
910 0 # |d 26/10/2016 
980 # # |a Trung tâm Học liệu Lê Vũ Hùng, Trường Đại học Đồng Tháp